000 00707nas a2200253 4500
001 BR0806569
003 BR-BrBNA
005 20231205112140.0
007 ta
008 230509b bl.|||p| |||| 00| 00por d
040 _aBR-BrBNA
_bpor
_cBiblioteca Nacional de Agricultura
041 _a(Pt)
072 _aL20; L50
100 1 _aToni, D.C. de
100 1 _aHofmann, P.R.P.
100 1 _aGaiesky, V.L.S.V.
245 1 _aPolimorfismo de pigmentação em Drosophila
650 _aMOSCA
650 _aPOLIMORFISMO
650 _aPIGMENTAÇÃO
773 0 _tNaturalia (Brazil)
_xISSN 0001-1944
_g(2002), v. 27 p. 231-243
_wBR0806569
909 _a202311
_bLúcia
_c55
_dLúcia Elande
942 _2AGRIS
_n0
_cANA
999 _c196365
_d196365